<?xml version="1.0" encoding="UTF-8"?>
<record
    xmlns:xsi="http://www.w3.org/2001/XMLSchema-instance"
    xsi:schemaLocation="http://www.loc.gov/MARC21/slim http://www.loc.gov/standards/marcxml/schema/MARC21slim.xsd"
    xmlns="http://www.loc.gov/MARC21/slim">

  <leader>01469nam a2200313 i 4500</leader>
  <controlfield tag="001">190409</controlfield>
  <controlfield tag="003">ES-MaACL</controlfield>
  <controlfield tag="005">20250804230324.0</controlfield>
  <controlfield tag="008">210311s2018    ru af         001 0 spa d</controlfield>
  <datafield tag="020" ind1=" " ind2=" ">
    <subfield code="a">978-5-91674-528-3</subfield>
  </datafield>
  <datafield tag="080" ind1=" " ind2=" ">
    <subfield code="a">327(470:460)"17/20"</subfield>
  </datafield>
  <datafield tag="080" ind1=" " ind2=" ">
    <subfield code="a">327(460:470)"17/20"</subfield>
  </datafield>
  <datafield tag="245" ind1="0" ind2="0">
    <subfield code="a">Ispani&#xE2; i Rossi&#xE2; : diplomati&#xE2; i dialog kul&#x2B9;tur : tri stoleti&#xE2; otno&#x9A;enij = </subfield>
    <subfield code="b">Espa&#xF1;a y Rusia : diplomacia y di&#xE1;logo de culturas : tres siglos de relaciones / </subfield>
    <subfield code="c">[Olga Volosyuk (dir.)].</subfield>
  </datafield>
  <datafield tag="246" ind1="3" ind2=" ">
    <subfield code="a">Espa&#xF1;a y Rusia : diplomacia y di&#xE1;logo de culturas : </subfield>
    <subfield code="b">tres siglos de relaciones</subfield>
  </datafield>
  <datafield tag="260" ind1=" " ind2=" ">
    <subfield code="a">Moskva = Mosc&#xFA; : </subfield>
    <subfield code="b">Indrik, </subfield>
    <subfield code="c">2018.</subfield>
  </datafield>
  <datafield tag="300" ind1=" " ind2=" ">
    <subfield code="a">926 p., [16] p. de l&#xE1;m. col. : </subfield>
    <subfield code="b">il. ; </subfield>
    <subfield code="c">24 cm.</subfield>
  </datafield>
  <datafield tag="500" ind1=" " ind2=" ">
    <subfield code="a">&#xCD;ndice.</subfield>
  </datafield>
  <datafield tag="504" ind1=" " ind2=" ">
    <subfield code="a">Bibliograf&#xED;a: p. 879-904.</subfield>
  </datafield>
  <datafield tag="546" ind1=" " ind2=" ">
    <subfield code="a">Texto en ruso y espa&#xF1;ol.</subfield>
  </datafield>
  <datafield tag="594" ind1=" " ind2=" ">
    <subfield code="a">Precede al t&#xED;t. en espa&#xF1;ol: Universidad Nacional de Investigaci&#xF3;n "Escuela Superior de Econom&#xED;a"</subfield>
  </datafield>
  <datafield tag="596" ind1=" " ind2=" ">
    <subfield code="a">En verso de port.: AECID [Agencia Espa&#xF1;ola de Cooperaci&#xF3;n Internacional para el Desarrollo]</subfield>
  </datafield>
  <datafield tag="651" ind1=" " ind2="4">
    <subfield code="a">Espa&#xF1;a-</subfield>
    <subfield code="x">Relaciones-</subfield>
    <subfield code="z">Rusia.</subfield>
    <subfield code="9">170136</subfield>
  </datafield>
  <datafield tag="651" ind1=" " ind2="4">
    <subfield code="a">Rusia-</subfield>
    <subfield code="x">Relaciones-</subfield>
    <subfield code="z">Espa&#xF1;a.</subfield>
    <subfield code="9">170137</subfield>
  </datafield>
  <datafield tag="710" ind1="2" ind2=" ">
    <subfield code="a">Agencia Espa&#xF1;ola de Cooperaci&#xF3;n Internacional para el Desarrollo</subfield>
    <subfield code="9">152192</subfield>
  </datafield>
  <datafield tag="852" ind1=" " ind2=" ">
    <subfield code="a">ES-MaACL   </subfield>
    <subfield code="j">A-14610</subfield>
    <subfield code="9">197586</subfield>
    <subfield code="b">R.152553</subfield>
    <subfield code="c">DEPO1</subfield>
    <subfield code="d">Olim: N-7610         </subfield>
    <subfield code="x">Encuadernaci&#xF3;n en  carton&#xE9;</subfield>
  </datafield>
  <datafield tag="942" ind1=" " ind2=" ">
    <subfield code="2">udc</subfield>
    <subfield code="c">MONOGRAFIA</subfield>
  </datafield>
  <datafield tag="999" ind1=" " ind2=" ">
    <subfield code="c">190409</subfield>
    <subfield code="d">190409</subfield>
  </datafield>
  <datafield tag="952" ind1=" " ind2=" ">
    <subfield code="0">0</subfield>
    <subfield code="1">0</subfield>
    <subfield code="2">udc</subfield>
    <subfield code="4">0</subfield>
    <subfield code="7">0</subfield>
    <subfield code="a">ATENEOM</subfield>
    <subfield code="b">ATENEOM</subfield>
    <subfield code="c">DEPO1</subfield>
    <subfield code="d">2021-03-11</subfield>
    <subfield code="e">DONACION</subfield>
    <subfield code="l">0</subfield>
    <subfield code="o">A-14610</subfield>
    <subfield code="p">1202431</subfield>
    <subfield code="r">2023-02-23 00:00:00</subfield>
    <subfield code="w">2023-02-23</subfield>
    <subfield code="y">MONOGRAFIA</subfield>
  </datafield>
</record>
